[Event "Buje"]
[Site "Buje"]
[Date "2008.02.02"]
[Round "3"]
[White "Juras, Zvonko"]
[Black "Milevoj, Marko"]
[Result "1/2-1/2"]
[WhiteElo "1969"]
[BlackElo "1990"]
[PlyCount "113"]
[EventDate "2008.01.19"]
[EventType "tourn"]
[EventRounds "7"]
[EventCountry "CRO"]
[SourceTitle "EXT 2010"]
[Source "ChessBase"]
[SourceDate "2010.11.25"]
[SourceVersion "1"]
[SourceVersionDate "2010.11.25"]
[SourceQuality "1"]

1. e4 c5 2. Nf3 d6 3. d4 cxd4 4. Nxd4 a6 5. c4 e6 6. Nc3 Nf6 7. Be2 Be7 8. Be3 0-0 9. g4 Qa5 10. f3 Ne8 11. h4 f5 12. exf5 exf5 13. g5 f4 14. Bf2 Nc7 15. a3 Kh8 16. Qd2 Qe5 17. 0-0-0 d5 18. Rhe1 Qd6 19. Bf1 Nc6 20. c5 Qd8 21. b4 Qe8 22. Bd3 Qf7 23. Qc2 g6 24. Re2 Bd7 25. Rde1 Rfe8 26. Na4 Bf8 27. Nb6 Rxe2 28. Rxe2 Re8 29. Nxd7 Qxd7 30. Qd2 Ne5 31. Bc2 Qf7 32. Bb3 Bg7 33. Qc2 Qd7 34. Ba4 Nc6 35. Qd2 Rxe2 36. Nxe2 Qh3 37. Bd1 Qxf3 38. Qxf4 Qxa3+ 39. Kd2 Qxb4+ 40. Qxb4 Nxb4 41. Bb3 Kg8 42. Bg3 Ne6 43. Bd6 Nd4 44. Nxd4 Bxd4 45. c6 Nxc6 46. Bxd5+ Kg7 47. Bg3 Nd8 48. Kd3 Bc5 49. Bc7 Nf7 50. Bxb7 Bf2 51. h5 gxh5 52. Bxa6 Nxg5 53. Ke2 Bd4 54. Bb7 Kf6 55. Kf1 Be5 56. Bd8+ Kf5 57. Bxg5 1/2-1/2